| 000 -CABECERA |
| fixed length control field |
01341nam a22001937a 4500 |
| 003 - IDENTIFICADOR DEL NÚMERO DE CONTROL |
| control field |
AR-CdUCM |
| 008 - DATOS DE LONGITUD FIJA--INFORMACIÓN GENERAL |
| fixed length control field |
190402b ||||| |||| 00| 0 spa d |
| 040 ## - FUENTE DE LA CATALOGACIÓN |
| Agencia/entidad que catalogó originalmente la obra |
MUNICIPALIDAD PROVINCIAL DEL CUSCO |
| Entidad que transcribió la catalogación |
BIBLIOTECA MUNICIPAL DEL CUSCO |
| 082 ## - NÚMERO DE LA CLASIFICACIÓN DECIMAL DEWEY |
| No. de Clasificación |
ES / 500.1 / |
| Notacion interna |
M61 |
| 110 ## - ENTRADA PRINCIPAL--NOMBRE DE ENTIDAD CORPORATIVA |
| Nombre de la institución, jurisdicción como entrada principal |
Santillana |
| 9 (RLIN) |
18102 |
| 245 ## - MENCIÓN DE TÍTULO |
| Título |
Ciencias naturales : |
| Resto del título |
Libro de consulta, educación básica regular / |
| 260 ## - PUBLICACIÓN, DISTRIBUCIÓN, ETC. |
| Lugar de publicación, distribución, etc. |
España : |
| Nombre de la editorial, distribuidor, etc. |
Santillana, s.a., |
| Fecha de publicación, distribución, etc. |
1977. |
| 300 ## - DESCRIPCIÓN FÍSICA |
| Nº de Páginas Extensión |
6 tomos ; |
| Dimensiones |
25 cm. |
| 505 ## - NOTA DE CONTENIDO CON FORMATO |
| Nota de contenido formateada |
Contenido :t.1. Los estados de la materia -- Fuerza y movimiento -- La luz -- Los sonidos -- El calor de los cuerpos -- t.3. Las propiedades de la materia -- Fuerza y peso -- Trabajo y energía -- Energía eléctrica y magnética -- La tierra en el universo -- t.4. Cambios de la materia -- Estructura eléctrica de la materia -- El movimiento: cambio de posición -- El sistema solar -- La corteza de la tierra -- t.5. La estructura de la materia -- Cambios físicos y químicos -- Mezclas y soluciones -- Las fuerzas tienen direcciones -- La exploración del espacio -- t.6 La materia y su medida -- La energía calórica -- La energía eléctrica y magnética -- El estudio del movimiento -- La acción geológica del aire y del agua ... |
| 650 ## - PUNTO DE ACCESO ADICIONAL DE MATERIA--TÉRMINO DE MATERIA |
| Descriptor |
Ciencias naturales |
| 9 (RLIN) |
10176 |
| 650 ## - PUNTO DE ACCESO ADICIONAL DE MATERIA--TÉRMINO DE MATERIA |
| Descriptor |
Ciencias aplicadas |
| 9 (RLIN) |
20077 |
| 942 ## - ELEMENTOS DE PUNTO DE ACCESO ADICIONAL (KOHA) |
| Fuente de clasificación |
|
| Tipo de item |
Libros-BMC |
| 945 ## - PROCESAMIENTO DE INFORMACIÓN LOCAL (OCLC) |
| Catalogador |
rum |